Statistiche per Top 30 Città più popolose America del Nord

Clicka qui per fare il quiz!

Statistiche generali

  • Questo quiz è stato fatto 48 volte
  • Il punteggio medio è 15 su 30

Statistiche sulle risposte

PopolazioneNazioneCittà% Corretto
9 218 653MessicoCittà del Messico
100%
8 550 405Stati UnitiNew York
100%
3 971 883Stati UnitiLos Angeles
98%
2 270 546Stati UnitiChicago
91%
2 826 498CanadaToronto
89%
2 117 625CubaL'Avana
86%
1 394 928Stati UnitiSan Diego
68%
1 007 997Repubblica DominicanaSanto Domingo
68%
1 753 034CanadaMontreal
64%
1 300 092Stati UnitiDallas
61%
994 078GuatemalaCittà del Guatemala
59%
1 567 442Stati UnitiPhiladelphia
59%
987 310HaitiPort-au-Prince
59%
1 048 134NicaraguaManagua
57%
2 296 224Stati UnitiHouston
55%
1 190 230HondurasTegucigalpa
55%
1 460 148MessicoGuadalajara
52%
1 109 171MessicoMonterrey
45%
1 563 025Stati UnitiPhoenix
45%
1 298 475MessicoTijuana
36%
1 437 939MessicoPuebla de Zaragoza
30%
1 230 915CanadaCalgary
27%
1 026 908Stati UnitiSan Jose
27%
1 382 753MessicoCiudad Juárez
25%
1 469 845Stati UnitiSan Antonio
25%
1 349 224MessicoLeón
9%
1 179 681MessicoZapopan
2%
1 039 867MessicoCiudad Nezahualcóyotl
0%
1 677 678MessicoEcatepec de Morelos
0%
970 012MessicoNaucalpan de Juárez
0%

Distribuzione punteggi

Percentile per numero di risposta

Percentuale di utenti per punteggio

I tuoi punteggi nel tempo

Non hai fatto questo quiz